[Event "Bayern-ch Bank Hofmann 2"]
[Site "Bad Wiesse"]
[Date "1998.??.??"]
[Round "5"]
[White "Lobron, Eric"]
[Black "Lutz, Christopher"]
[Result "1-0"]
[WhiteElo "2540"]
[BlackElo "2540"]
[PlyCount "95"]
[EventDate "1998.11.??"]
[EventType "swiss"]
[EventRounds "9"]
[EventCountry "GER"]
[Source "Fruth,M"]
[SourceDate "2003.05.15"]

1. Nf3 Nf6 2. d4 d5 3. c4 e6 4. Nc3 Be7 5. Bg5 h6 6. Bxf6 Bxf6 7. e3 O-O 8. Rc1
a6 9. h3 c6 10. Bd3 Nd7 11. cxd5 exd5 12. O-O Re8 13. Rc2 Nf8 14. Re2 Be6 15.
Ne5 Bxe5 16. dxe5 Qe7 17. f4 Rad8 18. Qe1 b5 19. a3 Bc8 20. b4 c5 21. bxc5 Qxc5
22. Nb1 d4 23. Kh2 Bb7 24. Qg3 Qe7 25. Nd2 Rd7 26. exd4 Rxd4 27. Ne4 Bxe4 28.
Bxe4 Qc7 29. Bb1 Rd5 30. Rfe1 Qd8 31. f5 Qg5 32. Qf2 Nd7 33. e6 fxe6 34. fxe6
Nf6 35. e7 Kh8 36. Ba2 Rf5 37. Qd4 Rf4 38. Qd6 Qf5 39. Qc6 Rf2 40. Kg1 Rxe2 41.
Rxe2 Qd3 42. Re6 Kh7 43. Kh2 Qf5 44. Bb3 Qh5 45. Bc2+ Kg8 46. Rxf6 gxf6 47.
Qxf6 Qf7 48. Bb3 1-0

[Event "White Nights IT"]
[Site "St.Petersburg"]
[Date "1999.07.02"]
[Round "7"]
[White "Kruppa, Yuri"]
[Black "Lugovoi, Aleksei"]
[Result "1-0"]
[WhiteElo "2561"]
[BlackElo "2510"]
[PlyCount "85"]
[EventDate "1999.06.26"]
[EventType "tourn"]
[EventRounds "9"]
[EventCountry "RUS"]
[EventCategory "8"]
[Source "Fruth,M"]
[SourceDate "2003.05.15"]

1. d4 d5 2. c4 e6 3. Nc3 Nf6 4. Bg5 Be7 5. Nf3 h6 6. Bxf6 Bxf6 7. e3 O-O 8. Qb3
c6 9. Rd1 Nd7 10. Bd3 a5 11. Qc2 dxc4 12. Bxc4 b5 13. Be2 Qb6 14. h4 c5 15.
Bxb5 cxd4 16. exd4 Rd8 17. a4 Bb7 18. Ne4 Rac8 19. Qe2 Bxe4 20. Qxe4 Nb8 21.
O-O Nc6 22. d5 exd5 23. Rxd5 Rxd5 24. Qxd5 Nb4 25. Qf5 Qc5 26. Qxc5 Rxc5 27. b3
Nd5 28. Re1 g6 29. g3 Rc3 30. Kg2 Kg7 31. Rd1 Rc5 32. Rd3 Ne7 33. Rd7 Nc8 34.
Nd2 Be7 35. Nc4 Kf8 36. Kf1 g5 37. hxg5 hxg5 38. Ba6 g4 39. Rd4 Rc6 40. Bxc8
Rxc8 41. Nxa5 Rc1+ 42. Kg2 Rc2 43. Rxg4 1-0

[Event "ESP-ch TT"]
[Site "Cala Galdana"]
[Date "1999.11.16"]
[Round "9"]
[White "Vallejo Pons, Francisco"]
[Black "San Segundo Carrillo, Pablo"]
[Result "1-0"]
[WhiteElo "2519"]
[BlackElo "2510"]
[PlyCount "43"]
[EventDate "1999.11.08"]
[EventType "team"]
[EventRounds "9"]
[EventCountry "ESP"]
[Source "Fruth,M"]
[SourceDate "2003.05.15"]

1. c4 e6 2. Nc3 d5 3. d4 Be7 4. Nf3 Nf6 5. Bg5 h6 6. Bxf6 Bxf6 7. Qb3 c6 8. g3
O-O 9. Bg2 Nd7 10. O-O dxc4 11. Qxc4 e5 12. Ne4 exd4 13. Nxd4 Qb6 14. Rfd1 Qxb2
15. Rab1 Qa3 16. Nf5 Qa5 17. Nfd6 Qc7 18. Bh3 Ne5 19. Nxf6+ gxf6 20. Qh4 Ng6
21. Qxh6 Bxh3 22. Rxb7 1-0

[Event "Paris-ch"]
[Site "Paris"]
[Date "2000.07.23"]
[Round "9.1"]
[White "Savchenko, Stanislav"]
[Black "Shneider, Aleksandr"]
[Result "1/2-1/2"]
[WhiteElo "2579"]
[BlackElo "2542"]
[PlyCount "41"]
[EventDate "2000.07.15"]
[EventType "swiss"]
[EventRounds "9"]
[EventCountry "FRA"]
[Source "Fruth,M"]
[SourceDate "2003.05.15"]

1. d4 d5 2. c4 e6 3. Nc3 Be7 4. Nf3 Nf6 5. Bg5 h6 6. Bxf6 Bxf6 7. e3 O-O 8. Rc1
c6 9. Bd3 dxc4 10. Bxc4 Nd7 11. O-O e5 12. h3 exd4 13. exd4 Nb6 14. Bb3 Bf5 15.
Re1 Re8 16. Rxe8+ Qxe8 17. Qd2 Qd7 18. Re1 a5 19. a3 Re8 20. Rxe8+ Qxe8 21. Qf4
1/2-1/2

[Event "RUS Cup fin 4 IT"]
[Site "Elista"]
[Date "2000.08.24"]
[Round "5"]
[White "Volkov, Sergey"]
[Black "Kruppa, Yuri"]
[Result "1-0"]
[WhiteElo "2554"]
[BlackElo "2582"]
[PlyCount "125"]
[EventDate "2000.08.19"]
[EventType "tourn"]
[EventRounds "11"]
[EventCountry "RUS"]
[EventCategory "12"]
[Source "Fruth,M"]
[SourceDate "2003.05.15"]

1. d4 e6 2. c4 d5 3. Nc3 Be7 4. Nf3 Nf6 5. Bg5 h6 6. Bxf6 Bxf6 7. e3 O-O 8. Qb3
c6 9. Be2 Nd7 10. O-O dxc4 11. Bxc4 c5 12. Rfd1 cxd4 13. Nxd4 Qe7 14. a4 Nc5
15. Qa3 a5 16. Nf5 exf5 17. Nd5 Qd6 18. Nxf6+ Qxf6 19. Qxc5 Qxb2 20. Rab1 Qf6
21. Rb6 Be6 22. Bxe6 fxe6 23. g3 Rad8 24. Rdb1 Rd7 25. Qxa5 Rfd8 26. Kg2 Qe7
27. Qe5 Kf7 28. e4 Qf6 29. Qxf6+ Kxf6 30. exf5 Kxf5 31. Rxb7 Rxb7 32. Rxb7 Rd4
33. a5 Ra4 34. Rxg7 Rxa5 35. h4 Kf6 36. Rg8 Kf7 37. Rg4 Kf6 38. Rf4+ Kg6 39. g4
Ra3 40. f3 Ra1 41. Re4 Kf6 42. Kg3 Ra3 43. Rf4+ Kg7 44. Rb4 Ra7 45. Rb8 Kf7 46.
h5 Rc7 47. Ra8 Rb7 48. Ra4 Rc7 49. Kh4 Rb7 50. Kg3 Rc7 51. Kf4 Rb7 52. Ke4 Kf6
53. Ra8 Kf7 54. Ra5 Kf6 55. Ra4 Rc7 56. Ra8 Kf7 57. Rh8 Kg7 58. Rd8 Kf7 59. f4
Rc4+ 60. Rd4 Rc7 61. g5 Rc5 62. g6+ Ke7 63. Rd8 1-0

[Event "CZE-ch TT 200001"]
[Site "CZE"]
[Date "2000.11.18"]
[Round "1"]
[White "Vokac, Marek"]
[Black "Hracek, Zbynek"]
[Result "1/2-1/2"]
[WhiteElo "2523"]
[BlackElo "2612"]
[PlyCount "56"]
[EventDate "2000.11.??"]
[EventType "team"]
[EventRounds "11"]
[EventCountry "CZE"]
[Source "Fruth,M"]
[SourceDate "2003.05.15"]

1. d4 Nf6 2. c4 e6 3. Nf3 d5 4. Nc3 Be7 5. Bg5 h6 6. Bxf6 Bxf6 7. e3 O-O 8. Rc1
c6 9. Bd3 Nd7 10. O-O dxc4 11. Bxc4 e5 12. h3 exd4 13. exd4 Nb6 14. Bb3 Re8 15.
Re1 Bf5 16. Rxe8+ Qxe8 17. Qd2 Qd7 18. Re1 Nd5 19. Ne5 Qd6 20. Ne4 Bxe4 21.
Rxe4 Re8 22. Nc4 Qd8 23. Qe2 Rxe4 24. Qxe4 Kf8 25. Ne5 g6 26. g3 h5 27. h4 Qd6
28. Kg2 Kg7 1/2-1/2

[Event "Salona IT"]
[Site "Solin/Split"]
[Date "2000.12.17"]
[Round "9"]
[White "Tukmakov, Vladimir B"]
[Black "Hulak, Krunoslav"]
[Result "1/2-1/2"]
[WhiteElo "2582"]
[BlackElo "2510"]
[PlyCount "25"]
[EventDate "2000.12.09"]
[EventType "tourn"]
[EventRounds "9"]
[EventCountry "CRO"]
[EventCategory "12"]
[Source "Fruth,M"]
[SourceDate "2003.05.15"]

1. d4 d5 2. c4 e6 3. Nf3 Nf6 4. Nc3 Be7 5. Bg5 h6 6. Bxf6 Bxf6 7. e3 O-O 8. Rc1
b6 9. Be2 Bb7 10. cxd5 exd5 11. O-O Re8 12. b4 a6 13. Qb3 1/2-1/2

[Event "Viking GM A IT"]
[Site "York"]
[Date "2000.12.18"]
[Round "6"]
[White "Hillarp Persson, Tiger"]
[Black "Barsov, Alexei"]
[Result "0-1"]
[WhiteElo "2549"]
[BlackElo "2534"]
[PlyCount "76"]
[EventDate "2000.12.13"]
[EventType "tourn"]
[EventRounds "10"]
[EventCountry "ENG"]
[EventCategory "12"]
[Source "Fruth,M"]
[SourceDate "2003.05.15"]

1. d4 e6 2. Nf3 d5 3. c4 Nf6 4. Nc3 Be7 5. Bg5 h6 6. Bxf6 Bxf6 7. e3 O-O 8. Qd2
a6 9. Rc1 c6 10. e4 dxc4 11. e5 Be7 12. Bxc4 Nd7 13. Bd3 c5 14. Bb1 cxd4 15.
Qxd4 Qb6 16. Qe4 g6 17. O-O Qxb2 18. Ne2 Nc5 19. Qe3 Kg7 20. Nf4 b6 21. h4 Ra7
22. Rc2 Qb5 23. Nd4 Qe8 24. Qg3 Kh8 25. Rc3 Rg8 26. Qe3 Bf8 27. h5 g5 28. Nfe2
Bb7 29. Ng3 Qd8 30. Nf3 g4 31. Nd2 Rg5 32. Qf4 Bg7 33. Re3 Qxd2 34. Qxf7 Qd8
35. f4 gxf3 36. Rexf3 Bxf3 37. Rxf3 Rxf7 38. Rxf7 Rxg3 0-1

[Event "RUS-ch TT"]
[Site "Tomsk"]
[Date "2001.05.20"]
[Round "7"]
[White "Volkov, Sergey"]
[Black "Pigusov, Evgeny"]
[Result "1/2-1/2"]
[WhiteElo "2558"]
[BlackElo "2584"]
[PlyCount "80"]
[EventDate "2001.05.13"]
[EventType "team"]
[EventRounds "8"]
[EventCountry "RUS"]
[Source "Fruth,M"]
[SourceDate "2003.05.15"]

1. d4 d5 2. c4 e6 3. Nc3 Be7 4. Nf3 Nf6 5. Bg5 h6 6. Bxf6 Bxf6 7. e3 O-O 8. Qb3
c6 9. Be2 Nd7 10. O-O b6 11. a4 Rb8 12. Rfd1 Bb7 13. Rac1 Qe7 14. Nd2 Rfd8 15.
Bf3 Nf8 16. g3 c5 17. cxd5 cxd4 18. exd4 Bxd4 19. Nb5 Bc5 20. Nxa7 exd5 21. Nb5
Ne6 22. Bg2 Qf6 23. Nf3 g5 24. h3 h5 25. Qc3 d4 26. Qd3 Bf8 27. Ne1 Nc5 28. Qc4
h4 29. gxh4 gxh4 30. Rxd4 Ne4 31. Nf3 Rbc8 32. Qf1 Rxc1 33. Qxc1 Rxd4 34. Nbxd4
Bc5 35. Qc4 Nxf2 36. Kxf2 Bxf3 37. Bxf3 Bxd4+ 38. Ke2 Bxb2 39. Qc8+ Kg7 40.
Qg4+ Kf8 1/2-1/2

[Event "Pula op"]
[Site "Pula"]
[Date "2001.05.23"]
[Round "6"]
[White "Cvitan, Ognjen"]
[Black "Hulak, Krunoslav"]
[Result "1/2-1/2"]
[WhiteElo "2526"]
[BlackElo "2564"]
[PlyCount "29"]
[EventDate "2001.05.18"]
[EventType "swiss"]
[EventRounds "9"]
[EventCountry "CRO"]
[Source "Fruth,M"]
[SourceDate "2003.05.15"]

1. d4 d5 2. Nf3 Nf6 3. c4 e6 4. Nc3 Be7 5. Bg5 h6 6. Bxf6 Bxf6 7. e3 O-O 8. Rc1
c6 9. Bd3 Nd7 10. O-O dxc4 11. Bxc4 e5 12. Ne4 exd4 13. Nxf6+ Nxf6 14. Qxd4
Qxd4 15. Nxd4 1/2-1/2

[Event "RUS-ch TT Siberian Zone"]
[Site "Omsk"]
[Date "2001.10.09"]
[Round "5"]
[White "Iskusnyh, Sergei"]
[Black "Nikitin, Andrey"]
[Result "1-0"]
[WhiteElo "2523"]
[BlackElo "2506"]
[PlyCount "38"]
[EventDate "2001.10.05"]
[EventType "team"]
[EventRounds "9"]
[EventCountry "RUS"]
[Source "Fruth,M"]
[SourceDate "2003.05.15"]

1. d4 d5 2. c4 e6 3. Nc3 Be7 4. Nf3 Nf6 5. Bg5 h6 6. Bxf6 Bxf6 7. e3 O-O 8. Qb3
c6 9. Be2 Nd7 10. O-O dxc4 11. Bxc4 e5 12. Rad1 exd4 13. Nxd4 Qe8 14. Qc2 Nb6
15. Ne4 Be5 16. Bb3 Bg4 17. f3 Bh5 18. Rde1 Rd8 19. Ng3 Bg6 1-0

[Event "Baden-Baden op 2"]
[Site "Baden-Baden"]
[Date "2002.??.??"]
[Round "6"]
[White "Teske, Henrik"]
[Black "Galdunts, Sergey"]
[Result "1-0"]
[WhiteElo "2522"]
[BlackElo "2510"]
[PlyCount "67"]
[EventDate "2002.05.09"]
[EventType "swiss"]
[EventRounds "7"]
[EventCountry "GER"]
[Source "Fruth,M"]
[SourceDate "2003.05.15"]

1. Nf3 d5 2. d4 Nf6 3. c4 e6 4. Nc3 Be7 5. Bg5 h6 6. Bxf6 Bxf6 7. e4 dxe4 8.
Nxe4 O-O 9. Qd3 Nc6 10. O-O-O Nb4 11. Qb3 a5 12. g4 b5 13. g5 hxg5 14. Rg1 Bb7
15. Nexg5 Bxg5+ 16. Nxg5 Qf6 17. Qh3 Rfd8 18. Rg4 Nxa2+ 19. Kb1 Nb4 20. Kc1 c5
21. d5 bxc4 22. dxe6 Na2+ 23. Kb1 Rxd1+ 24. Kxa2 Bd5 25. exf7+ Bxf7 26. Qh7+
Kf8 27. Qh8+ Ke7 28. Qxa8 c3+ 29. Nxf7 Qe6+ 30. b3 Qxg4 31. Bc4 Qd7 32. Qe4+
Kf8 33. Ne5 Qd4 34. Ng6# 1-0

[Event "EU-ch blitz"]
[Site "Panormo"]
[Date "2002.10.03"]
[Round "20"]
[White "Huzman, Alexander"]
[Black "Barsov, Alexei"]
[Result "1/2-1/2"]
[WhiteElo "2595"]
[BlackElo "2525"]
[PlyCount "30"]
[EventDate "2002.10.02"]
[EventType "tourn (blitz)"]
[EventRounds "38"]
[EventCountry "GRE"]
[Source "Fruth,M"]
[SourceDate "2003.05.15"]

1. Nf3 d5 2. d4 Nf6 3. c4 e6 4. Nc3 Be7 5. Bg5 h6 6. Bxf6 Bxf6 7. e3 O-O 8. Rc1
c6 9. Bd3 Nd7 10. O-O dxc4 11. Bxc4 e5 12. Ne4 exd4 13. Nxf6+ Nxf6 14. Qxd4
Qxd4 15. Nxd4 Bd7 1/2-1/2

[Event "SLO-ch TT Premier Legue"]
[Site "Bled"]
[Date "2002.11.23"]
[Round "8"]
[White "Nikolic, Predrag"]
[Black "Beliavsky, Alexander G"]
[Result "1/2-1/2"]
[WhiteElo "2661"]
[BlackElo "2650"]
[PlyCount "31"]
[EventDate "2002.11.18"]
[EventType "team"]
[EventRounds "9"]
[EventCountry "SLO"]
[Source "Fruth,M"]
[SourceDate "2003.05.15"]

1. d4 Nf6 2. c4 e6 3. Nf3 d5 4. Nc3 Be7 5. Bg5 h6 6. Bxf6 Bxf6 7. e3 O-O 8. Qb3
c6 9. Rd1 Nd7 10. Bd3 Qb6 11. Qc2 dxc4 12. Bxc4 c5 13. d5 Bxc3+ 14. Qxc3 Nf6
15. dxe6 Bxe6 16. Bxe6 1/2-1/2

[Event "Internet Section 14 A"]
[Site "Dos Hermanas"]
[Date "2003.03.14"]
[Round "?"]
[White "Shech"]
[Black "GrandMESter"]
[Result "1-0"]
[WhiteElo "2721"]
[BlackElo "2743"]
[PlyCount "131"]
[EventDate "2003.03.14"]
[EventType "swiss (blitz)"]
[EventRounds "9"]
[EventCountry "ESP"]
[Source "Fruth,M"]
[SourceDate "2003.05.15"]

1. c4 e6 2. Nc3 d5 3. d4 Be7 4. Nf3 Nf6 5. Bg5 h6 6. Bxf6 Bxf6 7. cxd5 exd5 8.
e3 c6 9. Qc2 Bg4 10. Be2 Nd7 11. O-O Be7 12. Nd2 Bxe2 13. Nxe2 O-O 14. Rab1 a5
15. Nc3 Nf6 16. Na4 Bd6 17. g3 Re8 18. Nc5 Qe7 19. Rbc1 h5 20. Nf3 Ng4 21. Kg2
Ra7 22. Rfe1 Nf6 23. Qf5 g6 24. Qg5 Bxc5 25. Rxc5 Ne4 26. Qxe7 Rxe7 27. Rc2 f6
28. Rec1 Kg7 29. Ne1 g5 30. Nd3 Kg6 31. h3 Ra8 32. b3 Rh8 33. a3 Nd6 34. Nc5 h4
35. g4 f5 36. Nd3 Nf7 37. b4 axb4 38. axb4 fxg4 39. hxg4 Nd6 40. Ne5+ Kg7 41.
Ra2 Ne4 42. b5 cxb5 43. Rb2 h3+ 44. Kh2 b4 45. f3 Nc3 46. Ra1 Rc7 47. Rxb4 b5
48. Rc1 Ra8 49. Rc2 Ra4 50. Rb3 b4 51. Kxh3 Rca7 52. Nc6 Ra8 53. Nxb4 Rb8 54.
Rcxc3 Raxb4 55. Rxb4 Rxb4 56. Kg3 Kf6 57. f4 gxf4+ 58. Kxf4 Rb6 59. Rc5 Ke6 60.
g5 Kd6 61. Rc8 Rb1 62. Kf5 Re1 63. Re8 Rf1+ 64. Kg6 Kd7 65. Re5 Kd6 66. Kg7 1-0

[Event "RUS-ch 56"]
[Site "Krasnoyarsk"]
[Date "2003.09.06"]
[Round "4.23"]
[White "Kiriakov, Petr"]
[Black "Rustemov, Alexander"]
[Result "1/2-1/2"]
[WhiteElo "2553"]
[BlackElo "2604"]
[PlyCount "44"]
[EventDate "2003.09.03"]
[EventType "swiss"]
[EventRounds "9"]
[EventCountry "RUS"]
[Source "Fruth,M"]
[SourceDate "2003.05.15"]

1. d4 d5 2. c4 e6 3. Nf3 Nf6 4. Nc3 Be7 5. Bg5 h6 6. Bxf6 Bxf6 7. e3 O-O 8. Rc1
c6 9. Bd3 Nd7 10. O-O dxc4 11. Bxc4 e5 12. h3 exd4 13. exd4 Nb6 14. Bb3 Bf5 15.
Re1 a5 16. a3 Re8 17. Rxe8+ Qxe8 18. Qd2 Qd7 19. Re1 Re8 20. Rxe8+ Qxe8 21. Qf4
Be6 22. Bxe6 Qxe6 1/2-1/2

[Event "URS Army-chT"]
[Site "Leningrad"]
[Date "1989.??.??"]
[Round "?"]
[White "Moskalenko, Viktor"]
[Black "Vladimirov, Evgeny"]
[Result "1/2-1/2"]
[WhiteElo "2500"]
[BlackElo "2565"]
[PlyCount "31"]
[EventDate "1989.??.??"]
[EventType "team"]
[EventRounds "14"]
[EventCountry "URS"]
[Source "ChessBase"]

1. d4 d5 2. c4 e6 3. Nc3 Nf6 4. Nf3 Be7 5. Bg5 h6 6. Bxf6 Bxf6 7. e3 O-O 8. Rc1
c6 9. Bd3 Nd7 10. O-O dxc4 11. Bxc4 e5 12. h3 exd4 13. exd4 Nb6 14. Bb3 Bf5 15.
Re1 Qd6 16. Ne5 1/2-1/2

[Event "Salona GM"]
[Site "Solin/Spilt"]
[Date "2003.12.18"]
[Round "6"]
[White "Cvitan, Ognjen"]
[Black "Kurajica, Bojan"]
[Result "1/2-1/2"]
[WhiteElo "2516"]
[BlackElo "2557"]
[PlyCount "29"]
[EventDate "2003.12.12"]
[EventType "tourn"]
[EventRounds "9"]
[EventCountry "CRO"]
[EventCategory "9"]
[Source "ChessBase"]
[SourceDate "2004.03.30"]

1. d4 d5 2. c4 e6 3. Nf3 Be7 4. Nc3 Nf6 5. Bg5 h6 6. Bxf6 Bxf6 7. e3 c6 8. Rc1
O-O 9. Bd3 Nd7 10. O-O dxc4 11. Bxc4 e5 12. Ne4 exd4 13. Nxf6+ Qxf6 14. Qxd4
Qxd4 15. Nxd4 1/2-1/2

[Event "Kavala op"]
[Site "Kavala"]
[Date "2005.??.??"]
[Round "7"]
[White "Halkias, Stelios"]
[Black "Atalik, Suat"]
[Result "1/2-1/2"]
[WhiteElo "2548"]
[BlackElo "2561"]
[PlyCount "70"]
[EventDate "2005.08.??"]
[EventType "swiss"]
[EventRounds "9"]
[EventCountry "GRE"]
[Source "ChessBase"]
[SourceDate "2005.09.02"]

1. d4 d5 2. c4 e6 3. Nf3 Nf6 4. Bg5 Be7 5. Nc3 h6 6. Bxf6 Bxf6 7. e3 O-O 8. Qc2
c5 9. dxc5 dxc4 10. Bxc4 Nd7 11. Ne4 Nxc5 12. Nxf6+ Qxf6 13. O-O Bd7 14. Rfd1
Rfc8 15. Qe2 a6 16. Rd4 b5 17. Bb3 e5 18. Rd2 Bg4 19. h3 Bxf3 20. Qxf3 Qxf3 21.
gxf3 Nxb3 22. axb3 Rc6 23. Kf1 Rac8 24. Ke2 Kf8 25. h4 Ke7 26. Rg1 Kf6 27. Ra1
Re6 28. e4 h5 29. Ke3 Rce8 30. Rc1 R8e7 31. Rc5 g6 32. Rd8 Kg7 33. Rcc8 Kf6 34.
Rc5 Kg7 35. Rcc8 Kf6 1/2-1/2

[Event "Ostend op"]
[Site "Ostend"]
[Date "2005.10.16"]
[Round "6"]
[White "Nikolic, Predrag"]
[Black "King, Daniel J"]
[Result "1/2-1/2"]
[WhiteElo "2591"]
[BlackElo "2526"]
[PlyCount "88"]
[EventDate "2005.10.15"]
[EventType "swiss (rapid)"]
[EventRounds "9"]
[EventCountry "BEL"]
[Source "ChessBase"]
[SourceDate "2005.11.04"]

1. d4 e6 2. c4 d5 3. Nf3 Nf6 4. Nc3 Be7 5. Bg5 h6 6. Bxf6 Bxf6 7. e3 O-O 8. Qb3
c6 9. Be2 Nd7 10. O-O b6 11. Rfd1 Bb7 12. Rac1 Qe7 13. cxd5 cxd5 14. Nb5 a6 15.
Nc7 Ra7 16. a4 Qd6 17. Rc2 Rc8 18. Rdc1 Bd8 19. Nxa6 Rxc2 20. Qxc2 Rxa6 21.
Bxa6 Bxa6 22. g3 g6 23. h4 Kg7 24. Kg2 Bb7 25. Qc3 Kf8 26. b4 Ba6 27. b5 Bb7
28. Qc2 e5 29. dxe5 Nxe5 30. Nd4 h5 31. Rd1 Nc4 32. Qe2 Bf6 33. Qf3 Kg7 34. Kg1
Qb4 35. Nc6 Qxa4 36. Qxd5 Ne5 37. Rc1 Qa3 38. Rc2 Qa4 39. Rc1 Qa3 40. Rc2 Qa1+
41. Kg2 Qa4 42. Rc1 Qa3 43. Rc2 Qa4 44. Rc1 Qa3 1/2-1/2

[Event "ch-CZE"]
[Site "Praha CZE"]
[Date "2007.02.12"]
[Round "7"]
[White "Babula, V."]
[Black "Polak, T."]
[Result "1/2-1/2"]
[WhiteElo "2584"]
[BlackElo "2500"]
[PlyCount "33"]
[EventDate "2007.02.06"]
[SourceDate "1999.07.01"]

1. d4 Nf6 2. c4 e6 3. Nf3 d5 4. Nc3 Be7 5. Bg5 h6 6. Bxf6 Bxf6 7. e3 c6 8. Be2
Nd7 9. O-O O-O 10. Qc2 dxc4 11. Bxc4 c5 12. Bb3 cxd4 13. exd4 Qb6 14. Rad1 Rd8
15. Rfe1 Nf8 16. Na4 Qa5 17. Nc3 1/2-1/2

[Event "ch-CUB"]
[Site "Las Tunas CUB"]
[Date "2009.01.26"]
[Round "7"]
[White "Bruzon Batista, L."]
[Black "Corrales Jimenez, F."]
[Result "1/2-1/2"]
[WhiteElo "2617"]
[BlackElo "2586"]
[PlyCount "119"]
[EventDate "2009.01.20"]
[SourceDate "1999.07.01"]

1. Nf3 Nf6 2. c4 e6 3. Nc3 d5 4. d4 Be7 5. Bg5 h6 6. Bxf6 Bxf6 7. e3 O-O 8. Qc2
dxc4 9. Bxc4 c5 10. dxc5 Qa5 11. O-O Bxc3 12. Qxc3 Qxc3 13. bxc3 Nd7 14. c6
bxc6 15. Rab1 Nb6 16. Be2 c5 17. Rfc1 Bd7 18. Rb3 Ba4 19. Ra3 Rfd8 20. Kf1 Rd6
21. c4 f6 22. Ne1 Rd7 23. Nd3 Rc8 24. Ke1 Kf7 25. f3 Rdc7 26. Nb2 Be8 27. Ra5
Rb8 28. Rc3 Ke7 29. Rb3 Rbb7 30. Nd1 Na4 31. Nf2 f5 32. Nd3 Kd6 33. f4 g5 34.
Bh5 Bc6 35. Ne5 Rxb3 36. axb3 Nb6 37. g4 Be4 38. Nf7+ Ke7 39. fxg5 hxg5 40.
gxf5 Bc2 41. Nxg5 exf5 42. Bd1 Kf6 43. Nh3 Re7 44. Nf4 Bxb3 45. Rxc5 Bxd1 46.
Kxd1 Rxe3 47. Rc7 Re4 48. Nd5+ Nxd5 49. cxd5 a5 50. Ra7 Rd4+ 51. Ke2 Rxd5 52.
h4 Kg6 53. Kf3 Rd3+ 54. Kf4 Rd4+ 55. Kg3 a4 56. Ra5 Kf6 57. h5 Kg5 58. h6 Rg4+
59. Kf3 Rh4 60. h7 1/2-1/2

[Event "11th Kheireddine Ameyar Mem 2012"]
[Site "Algiers ALG"]
[Date "2012.11.20"]
[Round "8.1"]
[White "Volkov, Sergey1"]
[Black "Barsov, A."]
[Result "1/2-1/2"]
[WhiteElo "2577"]
[BlackElo "2508"]
[PlyCount "22"]
[EventDate "2012.11.16"]
[SourceDate "1999.07.01"]

1. d4 d5 2. c4 e6 3. Nf3 Nf6 4. Nc3 Be7 5. Bg5 h6 6. Bxf6 Bxf6 7. e3 O-O 8. Qb3
c6 9. Be2 Qb6 10. O-O dxc4 11. Bxc4 Qxb3 1/2-1/2